Countries part of NATO - Statistics

General Stats
  • This quiz has been taken 9 times
  • The average score is 29 of 32
Answer Stats
Answer % Correct
Bulgaria
100%
Canada
100%
Czechia
100%
Denmark
100%
Estonia
100%
Finland
100%
France
100%
Germany
100%
Italy
100%
Latvia
100%
Lithuania
100%
Norway
100%
Poland
100%
Portugal
100%
Spain
100%
Sweden
100%
United Kingdom
100%
United States
100%
Albania
83%
Belgium
83%
Croatia
83%
Greece
83%
Hungary
83%
Luxembourg
83%
Netherlands
83%
Turkey
83%
Iceland
67%
North Macedonia
67%
Romania
67%
Slovakia
67%
Slovenia
67%
Montenegro
50%
No matching quizzes found
Score Distribution
Percent of People with Each Score
Percentile by Number Answered
Your Score History
You have not taken this quiz